Определение целевых показателей качества окружающей среды промышленных городов по уровню содержания тяжелых металлов (на примере г. Шымкента); Тяжелые металлы и радионуклиды в окружающей среде; Т. 2

Bibliografiske detaljer
Parent link:Тяжелые металлы и радионуклиды в окружающей среде: материалы VII Международной научно-практической конференции, 4-8 октября 2012 г., г. Семипалатинск (Семей)/ Семипалатинский государственный педагогический институт ; Российская академия наук (РАН), Институт геохимии и аналитической химии (ГЕОХИ) ; Московский государственный университет им. М. В. Ломоносова (МГУ) ; Национальный исследовательский Томский политехнический университет (ТПУ) ; Российская академия наук (РАН), Сибирское отделение (СО), Институт почвоведения и агрохимии (ИПА) ; под ред. М. А. Бектемесова.— , 2012.— 978-601-7332-72-3
Т. 2.— 2012.— С. 329-335
Hovedforfatter: Яковлева Н. А.
Andre forfattere: Гончарова Т. Г., Франковская Н. М., Ибрагимова Б. Ы.
Sprog:russisk
Udgivet: 2012
Serier:Источники поступления тяжелых металлов и радионуклидов в природные компоненты, экологическое нормирование их нагрузок и организация мониторинга среды обитания
Fag:
Format: MixedMaterials Book Chapter
KOHA link:https://koha.lib.tpu.ru/cgi-bin/koha/opac-detail.pl?biblionumber=260523

MARC

LEADER 00000naa2a2200000 4500
001 260523
005 20231031221158.0
035 |a (RuTPU)RU\TPU\book\283472 
035 |a RU\TPU\book\283469 
090 |a 260523 
100 |a 20140515d2012 k y0rusy50 ca 
101 0 |a rus 
102 |a RU 
200 1 |a Определение целевых показателей качества окружающей среды промышленных городов по уровню содержания тяжелых металлов (на примере г. Шымкента)  |f Н. А. Яковлева [и др.] 
225 1 |a Источники поступления тяжелых металлов и радионуклидов в природные компоненты, экологическое нормирование их нагрузок и организация мониторинга среды обитания 
320 |a Библиогр.: с. 335 (10 назв.) 
461 1 |0 (RuTPU)RU\TPU\book\270768  |y 978-601-7332-72-3  |t Тяжелые металлы и радионуклиды в окружающей среде  |o материалы VII Международной научно-практической конференции, 4-8 октября 2012 г., г. Семипалатинск (Семей)  |f Семипалатинский государственный педагогический институт ; Российская академия наук (РАН), Институт геохимии и аналитической химии (ГЕОХИ) ; Московский государственный университет им. М. В. Ломоносова (МГУ) ; Национальный исследовательский Томский политехнический университет (ТПУ) ; Российская академия наук (РАН), Сибирское отделение (СО), Институт почвоведения и агрохимии (ИПА) ; под ред. М. А. Бектемесова  |d 2012 
463 1 |0 (RuTPU)RU\TPU\book\269462  |t Т. 2  |v С. 329-335  |d 2012  |p 713 с. 
610 1 |a целевые показатели 
610 1 |a показатели качества 
610 1 |a окружающая среда 
610 1 |a промышленные города 
610 1 |a тяжелые металлы 
610 1 |a промышленные предприятия 
610 1 |a загрязнения 
610 1 |a Шымкент 
700 1 |a Яковлева  |b Н. А. 
701 1 |a Гончарова  |b Т. Г. 
701 1 |a Франковская  |b Н. М. 
701 1 |a Ибрагимова  |b Б. Ы. 
801 1 |a RU  |b 63413507  |c 20140507 
801 2 |a RU  |b 63413507  |c 20140515  |g RCR 
942 |c BK